书目信息 |
| 题名: |
口吃
|
|
| 作者: | 杨淑兰 著 | |
| 分册: | ||
| 出版信息: | 台北 心理出版社股份有限公司 2011 |
|
| 页数: | 12,371页 | |
| 开本: | 23cm | |
| 丛书名: | 沟通障碍系列 | |
| 单 册: | ||
| 中图分类: | H018.4 | |
| 科图分类: | ||
| 主题词: | 口吃病--语言矫正 , 口吃病 , 语言矫正 | |
| 电子资源: | ||
| ISBN: | 978-986-191-426-8 | |
| 000 | 00776oam2 2200265 450 | |
| 001 | 1568577168 | |
| 005 | 20150201084816.98 | |
| 010 | @a978-986-191-426-8@dTWD450.00 | |
| 100 | @a20130127d2011 em y0chiy50 ea | |
| 101 | 0 | @achi |
| 102 | @aCN@b710000 | |
| 105 | @aa z 001yy | |
| 200 | 1 | @a口吃@9kou chi@e理论与实务工作@dStuttering@etheory and practice@f杨淑兰著@zeng |
| 210 | @a台北@c心理出版社股份有限公司@d2011 | |
| 215 | @a12,371页@c图@d23cm | |
| 225 | 1 | @a沟通障碍系列@v65023 |
| 461 | 0 | @12001 @a沟通障碍系列 |
| 510 | 1 | @aStuttering@etheory and practice@zeng |
| 606 | 0 | @a口吃病@x语言矫正 |
| 606 | 0 | @a口吃病 |
| 606 | 0 | @a语言矫正 |
| 690 | @aH018.4@v5 | |
| 701 | 0 | @a杨淑兰@9yang shu lan@4著 |
| 801 | 0 | @aCN@bTSSF@c20150201 |
| 905 | @aZUCC@dH018.4@eJY2 | |
| 口吃:理论与实务工作=Stuttering:theory and practice/杨淑兰著.-台北:心理出版社股份有限公司,2011 |
| 12,371页:图;23cm.-(沟通障碍系列;65023) |
| ISBN 978-986-191-426-8:TWD450.00 |
| ● |
| 相关链接 |
|
|
|
|
正题名:口吃
索取号:H018.4/JY2
 
预约/预借
| 序号 | 登录号 | 条形码 | 馆藏地/架位号 | 状态 | 备注 |
| 1 | 7864253 | 278642532 | 学院路分馆/ [索取号:H018.4/JY2] | 在馆 | |
| 2 | 7864254 | 278642541 | 学院路分馆/ [索取号:H018.4/JY2] | 在馆 |